E-office – “ Transforming governance to good governance” (Record no. 5552)
[ view plain ]
| 000 -LEADER | |
|---|---|
| fixed length control field | 00473nam a22001697a 4500 |
| 003 - CONTROL NUMBER IDENTIFIER | |
| control field | OSt |
| 005 - DATE AND TIME OF LATEST TRANSACTION | |
| control field | 20220107122824.0 |
| 008 - FIXED-LENGTH DATA ELEMENTS--GENERAL INFORMATION | |
| fixed length control field | 161227b xxu||||| |||| 00| 0 eng d |
| 040 ## - CATALOGING SOURCE | |
| Transcribing agency | IIITMK |
| 100 ## - MAIN ENTRY--PERSONAL NAME | |
| Personal name | Shahul Hammed K (1350014) |
| 9 (RLIN) | 11185 |
| 245 ## - TITLE STATEMENT | |
| Title | E-office – “ Transforming governance to good governance” |
| 300 ## - PHYSICAL DESCRIPTION | |
| Extent | PGDeG |
| 502 ## - DISSERTATION NOTE | |
| Degree type | PGDEG |
| Name of granting institution | 2013-14 |
| Year degree granted | EXT |
| -- | Sunil Devassy, SeMT |
| 650 ## - SUBJECT ADDED ENTRY--TOPICAL TERM | |
| Topical term or geographic name entry element | E GOVERNANCE |
| 9 (RLIN) | 11287 |
| 651 ## - SUBJECT ADDED ENTRY--GEOGRAPHIC NAME | |
| Geographic name | E OFFICE |
| 9 (RLIN) | 11288 |
| 942 ## - ADDED ENTRY ELEMENTS (KOHA) | |
| Source of classification or shelving scheme | Dewey Decimal Classification |
| Koha item type | |
| Withdrawn status | Lost status | Source of classification or shelving scheme | Damaged status | Not for loan | Home library | Current library | Date acquired | Total Checkouts | Barcode | Date last seen | Price effective from | Koha item type |
|---|---|---|---|---|---|---|---|---|---|---|---|---|
| Dewey Decimal Classification | IIITM-K | Kerala University of Digital Sciences, Innovation and Technology Knowledge Centre | 27/12/2016 | R-913 | 27/12/2016 | 27/12/2016 | Project Reports |